00829cam a2200277 a 45000010005000000030006000050050017000110080041000280100017000690200022000860200018001080400018001260500025001440820015001691000025001842450040002092500035002492600034002843000039003184900031003575050007003885200088003955210018004835210018005016500032005192250FISKH20231113155733.0070117s2006 nyua j 000 1 eng  a 2007271067 a0439873940 (pbk.) a9780439873949 aDLCcDLCbeng00aPZ7.W51937bGam 200404a813.542221 aWest, Tracey,d1965-10aGame on! /cadapted by Tracey West. aFirst printing, September 2006 aNew York :bScholastic,c1996 a90 pages :billustrations ;c20 cm0 aShonen Jump's Yu-Gi-Oh! GX aF  aJaden is determined to be the King of Games in spite of facing two powerful rivals.8 a300 bLexile 8 aF bRaz-Plus  aGame vJuvenile literature